Cuesta Anual de la Industria Manufacturera en el Istmo Centroamericano/

محفوظ في:
التفاصيل البيبلوغرافية
مؤلف مشترك: Ministerio de Economía, Industria y Comercio
التنسيق: كتاب
اللغة:Spanish
منشور في: Costa Rica 1971
الوسوم: إضافة وسم
لا توجد وسوم, كن أول من يضع وسما على هذه التسجيلة!

MARC

LEADER 00000nam a22000007a 4500
003 cru CRAIS/IIS
005 20211103114326.0
008 211103b |||||||| |||| 00| 0 spa d
040 |c CRAIS/IIS 
082 |a 08.01.01 CR8375e 
110 |9 10131  |a Ministerio de Economía, Industria y Comercio 
245 |a Cuesta Anual de la Industria Manufacturera en el Istmo Centroamericano/ 
260 |a Costa Rica  |c 1971 
300 |a 84p. 
942 |2 ddc  |c LI  |h 08.01.01  |i 05627  |6 080101_05627 
999 |c 43958  |d 43958